El alma / (Record no. 194844)
[ view plain ]
| 000 -LEADER | |
|---|---|
| campo de control de longitud fija | 01601nam a2200325 i 4500 |
| 001 - NÚMERO DE CONTROL | |
| campo de control | 194844 |
| 003 - IDENTIFICADOR DE NÚMERO DE CONTROL | |
| campo de control | ES-MaACL |
| 005 - FECHA Y HORA DE LA ÚLTIMA TRANSACCIÓN | |
| campo de control | 20250529063018.0 |
| 008 - DATOS DE LONGITUD FIJA--INFORMACIÓN GENERAL | |
| campo de control de longitud fija | 240517b2024 sp ||||| |||| 00| 0 spa d |
| 017 ## - NÚMERO DE COPYRIGHT O DE DEPÓSITO LEGAL | |
| Número de copyright o de depósito legal | M 1729-2024 |
| 020 ## - NÚMERO INTERNACIONAL ESTÁNDAR DEL LIBRO | |
| Número Internacional Estándar del Libro | 9788490414941 |
| 040 ## - FUENTE DE CATALOGACIÓN | |
| Lengua de catalogación | spa |
| Centro/agencia transcriptor | ES-MaACL |
| 100 ## - ENTRADA PRINCIPAL--NOMBRE DE PERSONA | |
| Nombre de persona | Fernández Rodríguez, Esther |
| Término indicativo de función/relación | Autor |
| 9 (RLIN) | 238731 |
| 245 ## - MENCIÓN DEL TÍTULO | |
| Título | El alma / |
| Mención de responsabilidad, etc. | Esther Fernández Rodríguez |
| 250 ## - MENCION DE EDICION | |
| Mención de edición | Primera edición: mayo 2024 |
| 260 ## - PUBLICACIÓN, DISTRIBUCIÓN, ETC. | |
| Lugar de publicación, distribución, etc. | Madrid : |
| Nombre del editor, distribuidor, etc. | Compañía Nacional de Teatro Clásico, |
| Fecha de publicación, distribución, etc. | 2024 |
| 300 ## - DESCRIPCIÓN FÍSICA | |
| Extensión | 180 páginas : |
| Dimensiones | 21 cm |
| 336 ## - TIPO DE CONTENIDO | |
| Fuente | rdacontent |
| Término de tipo de contenido | texto |
| 337 ## - TIPO DE MEDIO | |
| Fuente | rdamedia |
| Nombre/término del tipo de medio | sin mediación |
| 338 ## - TIPO DE SOPORTE | |
| Fuente | rdacarrier |
| Nombre/término del tipo de soporte | volumen |
| 520 ## - RESUMEN, ETC. | |
| Sumario, etc. | «Empezando por la filosofía y terminando por la poesía, este libro se propone trazar un recorrido por el espíritu, el cuerpo y la materia, todos ellos elementos y fuerzas que han conseguido dialogar con el alma y me han abierto caminos desde donde vislumbrar la esencia todopoderosa de nuestra gran conocida-desconocida que dejó su marca en ese gran baile artístico y espiritual que fue nuestro Barroco». |
| 650 #4 - PUNTO DE ACCESO ADICIONAL DE MATERIA--TÉRMINO DE MATERIA | |
| 9 (RLIN) | 9739 |
| Término de materia o nombre geográfico como elemento de entrada | Alma |
| 852 ## - LOCALIZACIÓN | |
| Ubicación | ES-MaACL |
| Ubicación en estantería | Depósito J |
| Número de control de estantería | N-9953 |
| Donativo/Legado | Donación: Esther Fernández |
| Encuadernación | Encuadernación rústica |
| Anotaciones manuscritas | Dedicatoria autógrafa de la autora |
| itemnumber | 205865 |
| 903 ## - NOMBRE PERSONAL DE DONANTE | |
| 9 | 236477 |
| a | Fernández Rodríguez, Esther |
| e | Donante |
| 942 ## - ELEMENTOS DE ENTRADA SECUNDARIOS (KOHA) | |
| Tipo de ítem Koha | Libro impreso |
| Suprimir en OPAC | No |
| Estatus retirado | Estado de pérdida | Fuente del sistema de clasificación o colocación | Estado de daño | No para préstamo | Colección | Biblioteca de origen | Biblioteca actual | Ubicación en estantería | Fecha de adquisición | Fuente de adquisición | Total de préstamos | Signatura topográfica completa | Código de barras | Visto por última vez | Precio de reemplazo | Tipo de ítem Koha |
|---|---|---|---|---|---|---|---|---|---|---|---|---|---|---|---|---|
| Clasificación decimal universal | Libros con dedicatorias | Biblioteca del Ateneo de Madrid | Biblioteca del Ateneo de Madrid | Depósito J | 27/05/2025 | Donación | N-9953 | 101230202 | 27/05/2025 | 27/05/2025 | Libro impreso |
